[Event "29th Czech Open-Rapid 2018"]
[Site "Pardubice"]
[Date "2018.07.19"]
[Round "4"]
[White "Deepan, Chakkravarthy J"]
[Black "Paravyan, David"]
[Result "0-1"]
[WhiteElo "2499"]
[BlackElo "2593"]
[Annotator "TA"]
[PlyCount "78"]
[EventDate "2018.07.18"]
[EventType "swiss"]
[EventCountry "CZE"]
[SourceTitle "playchess.com"]
[Source "ChessBase"]
[SourceQuality "1"]

{[%evp 17,78,25,20,0,-10,-7,-9,-27,-16,-47,0,0,0,-5,10,0,0,0,75,60,52,52,41,64,50,32,135,131,116,12,106,14,14,0,71,0,0,-402,-2,-101,-101,-87,-100,-44,-38,-38,-32,-32,0,0,0,0,0,0,0,-780,-776,-711,-545,-508,-378,-2308,-2308]} 1. e4 c5 2. Nf3 d6 3. d4 cxd4 4. Nxd4 Nf6 5. Nc3 a6 6. g3 g6 7. Bg2 Bg7 8. O-O O-O 9. a4 Nc6 {LiveBook: 14 Games. B91: Sicilian Najdorf: 6 g3} 10. Nxc6 (10. Nde2 Rb8 11. Nd5 e6 12. Nxf6+ Bxf6 13. Rb1 b5 14. axb5 axb5 15. Be3 b4 16. Nd4 Ne5 17. Qe2 Qc7 18. b3 Ra8 {0-1 (44) Lujan,C (2341)-Xiong,J (2656) Montevideo 2018}) 10... bxc6 11. e5 dxe5 {The position is equal.} 12. Bxc6 Rb8 13. Qe2 $146 ({Predecessor:} 13. Qxd8 Rxd8 14. Re1 e6 15. a5 Bb7 16. Bxb7 Rxb7 17. Rd1 {0-1 (30) Ghinda,M (2450)-Istratescu,A (2470) Romania 1993}) 13... Qd6 14. Bf3 Bf5 15. Rd1 Qc7 16. Qxa6 Bxc2 17. Re1 Rfc8 (17... Rb4 $11) 18. a5 (18. Qe2 {looks sharper.} e4 19. Nxe4 Nxe4 20. Bxe4 Bxe4 21. Qxe4 Qa5 22. Qxe7 h5 23. Re2) 18... e4 19. Nxe4 Nxe4 20. Bxe4 Bxe4 21. Rxe4 {Qe2 is the strong threat.} Bxb2 (21... Ra8 $14 22. Qb5 Rcb8) 22. Bxb2 $16 Rxb2 {[#]} 23. Re2 (23. Rxe7 $1 $16 {[%mdl 512]} Qc5 (23... Qxe7 24. Qxc8+) 24. Qf6 Rxf2 25. Qxf2 Qxe7 26. a6) 23... Rb3 {[#]} (23... Rbb8 $11 {keeps the balance.}) 24. Rea2 (24. Rxe7 $1 $16 {[%mdl 512]} Qc3 (24... Qxe7 25. Qxc8+) 25. Rae1) 24... h5 $11 25. Qe2 h4 (25... Ra8 $11 {remains equal.}) 26. Qg4 (26. a6 $16) 26... Rcb8 {Strongly threatening ...hxg3.} 27. Qxh4 $2 {[%mdl 8192]} (27. Rd1 $11 {and White is okay.}) 27... R8b4 $2 (27... Rb1+ $19 28. Rxb1 Rxb1+ 29. Kg2 Qc1) 28. Qh6 (28. Qg5 $1 $11) 28... Rb1+ $17 29. Rxb1 Rxb1+ {[%mdl 4096] Endgame KQR-KQR} 30. Kg2 Qc4 $36 {[%mdl 3072] Black has compensation. Black fights for an advantage.} 31. Rd2 $1 {[%cal Rd2d8]} Qf1+ 32. Kf3 {[%cal Rd2d8]} Qh1+ 33. Kg4 {[%cal Rd2d8]} Rb4+ 34. f4 {[%cal Rd2d8]} Rb8 {And now ...Qe1 would win.} 35. Qg5 f5+ 36. Kh4 $2 {[%mdl 8192]} (36. Kh3 $11 Qf1+ 37. Rg2) 36... Kf7 $19 37. Qh6 Rg8 38. Re2 {[#]} Qa1 $1 {( -> ...Rh8)} 39. g4 $2 (39. Qh7+ Rg7 40. Qh6) 39... Rh8 {Precision: White = 31%, Black = 52%.} 0-1

[Event "29th Czech Open-Rapid 2018"]
[Site "Pardubice"]
[Date "2018.07.19"]
[Round "4"]
[White "Bryzgalin, Kirill"]
[Black "Gutman, Gennadi"]
[Result "1/2-1/2"]
[WhiteElo "2492"]
[BlackElo "2402"]
[Annotator "TA"]
[PlyCount "38"]
[EventDate "2018.07.18"]
[EventType "swiss"]
[EventCountry "CZE"]
[SourceTitle "playchess.com"]
[Source "ChessBase"]
[SourceQuality "1"]

{[%evp 9,38,-10,11,-12,0,0,8,0,0,0,0,-3,6,2,0,0,9,5,0,-13,-3,-11,-11,-5,-8,-25,-26,-28,-23,-29,-34]} 1. d4 c5 2. c3 e6 3. Nf3 Nc6 4. a3 (4. Bf4 cxd4 5. cxd4 Qb6 6. Qd2 Nf6 7. Nc3 d5 8. e3 Ne4 9. Qc2 Bd7 10. Be2 Rc8 11. O-O Be7 12. h3 {0-1 (36) Usmanov,V (2443)-Andreikin,D (2723) Sochi 2017}) 4... Nf6 5. Bf4 Qb6 6. Ra2 {A43: Schmid Benoni} a5 7. e3 a4 $146 ({Predecessor:} 7... d5 8. a4 Nh5 9. Bg3 Nxg3 10. hxg3 Be7 11. Bd3 Bd7 {0-1 (41) Stefanova,A (2514)-Teran Alvarez,I (2347) Mancha Real 2000}) 8. Nbd2 {The position is equal.} d5 9. Bd3 Nh5 10. Be5 Nxe5 11. Nxe5 Nf6 12. O-O Bd6 13. f4 Bd7 14. Rf3 Bb5 15. Bc2 g6 16. Ra1 Nd7 17. Qe1 f6 {Black has an edge.} 18. Nxd7 Bxd7 19. Rb1 O-O {Precision: White = 54%, Black = 86%.} 1/2-1/2

[Event "29th Czech Open-Rapid 2018"]
[Site "Pardubice"]
[Date "2018.07.19"]
[Round "4"]
[White "Zakhartsov, Viacheslav V"]
[Black "Kathmale, Sameer"]
[Result "1-0"]
[WhiteElo "2475"]
[BlackElo "2272"]
[Annotator "RC"]
[PlyCount "91"]
[EventDate "2018.07.18"]
[EventType "swiss"]
[EventCountry "CZE"]
[SourceTitle "playchess.com"]
[Source "ChessBase"]
[SourceQuality "1"]
[TimeControl "900+10"]

1. d4 {[%emt 0:00:00]} d5 {[%emt 0:00:00]} 2. c4 {[%emt 0:00:00]} c6 {[%emt 0:00:00]} 3. Nc3 {[%emt 0:00:00]} Nf6 {[%emt 0:00:00]} 4. e3 {[%emt 0:00:00]} Bf5 {[%emt 0:00:00]} 5. cxd5 {[%emt 0:00:03]} cxd5 {[%emt 0:00:05]} 6. Qb3 {[%emt 0:00:02]} Nc6 {[%emt 0:00:02]} 7. Qxb7 {[%emt 0:00:02]} Bd7 {[%emt 0:00:24]} 8. Qb3 {[%emt 0:00:02]} Rb8 {[%emt 0:00:01]} 9. Qd1 {[%emt 0:00:02]} e5 {[%emt 0:00:02]} 10. dxe5 {[%emt 0:00:05]} Nxe5 {[%emt 0:00:03]} 11. Nge2 {[%emt 0:00:05]} Bd6 {[%emt 0:00:12]} 12. Nf4 {[%emt 0:00:12]} Bc6 {[%emt 0:00:02]} 13. Be2 {[%emt 0:00:35]} Ng6 {[%emt 0:00:12]} 14. O-O {[%emt 0:00:57]} Bxf4 {[%emt 0:00:30]} 15. exf4 {[%emt 0:00:02]} d4 {[%emt 0:00:02]} 16. Nb1 {[%emt 0:02:55]} Nh4 {[%emt 0:01:15]} 17. f3 {[%emt 0:00:23]} Nf5 {[%emt 0:03:24]} 18. Qc2 {[%emt 0:05:03]} Qd7 {[%emt 0:03:49]} 19. Na3 {[%emt 0:01:52]} Nd5 {[%emt 0:00:33]} 20. Nc4 {[%emt 0:00:32]} Nb4 {[%emt 0:00:58]} 21. Qxf5 {[%emt 0:00:19]} Qxf5 {[%emt 0:01:19]} 22. Nd6+ {[%emt 0:00:18]} Kf8 {[%emt 0:00:10]} 23. Nxf5 {[%emt 0:00:03]} d3 {[%emt 0:00:03]} 24. Bd1 {[%emt 0:00:13]} g6 {[%emt 0:00:09]} 25. Nd4 {[%emt 0:00:11]} Bd5 {[%emt 0:00:02]} 26. b3 {[%emt 0:00:10]} Kg7 {[%emt 0:00:13]} 27. Bb2 {[%emt 0:00:30]} f6 {[%emt 0:00:01]} 28. a3 {[%emt 0:00:23]} Na6 {[%emt 0:00:31]} 29. Rc1 {[%emt 0:00:21]} Rhe8 {[%emt 0:00:23]} 30. Rc3 {[%emt 0:00:50]} d2 {[%emt 0:00:38]} 31. Kf2 {[%emt 0:00:41]} Rb7 {[%emt 0:00:27]} 32. Be2 {[%emt 0:00:10]} Nc7 {[%emt 0:00:24]} 33. Rd1 {[%emt 0:00:04]} Bf7 {[%emt 0:00:11]} 34. g3 {[%emt 0:00:24]} Nd5 {[%emt 0:00:15]} 35. Rd3 {[%emt 0:00:06]} Rbe7 {[%emt 0:00:20]} 36. R1xd2 {[%emt 0:00:07]} Ne3 {[%emt 0:00:01]} 37. Nc6 {[%emt 0:00:11]} Re6 {[%emt 0:00:01]} 38. Nd8 {[%emt 0:00:04]} R6e7 {[%emt 0:00:14]} 39. Nxf7 {[%emt 0:00:02]} Kxf7 {[%emt 0:00:02]} 40. Rd7 {[%emt 0:00:06]} Nf5 {[%emt 0:00:13]} 41. Bc4+ {[%emt 0:00:07]} Kg7 {[%emt 0:00:05]} 42. Rxe7+ {[%emt 0:00:08]} Nxe7 {[%emt 0:00:02]} 43. Rd6 {[%emt 0:00:08]} Nf5 {[%emt 0:00:30]} 44. Bxf6+ {[%emt 0:00:10]} Kf8 {[%emt 0:00:01]} 45. Rd7 {[%emt 0:00:04]} Rc8 {[%emt 0:00:14]} 46. Rxh7 {[%emt 0:00:09]} 1-0

[Event "29th Czech Open-Rapid 2018"]
[Site "Pardubice"]
[Date "2018.07.19"]
[Round "4"]
[White "Hasangatin, Ramil"]
[Black "Vorobiov, Evgeny E"]
[Result "0-1"]
[WhiteElo "2470"]
[BlackElo "2563"]
[Annotator "TA"]
[PlyCount "138"]
[EventDate "2018.07.18"]
[EventType "swiss"]
[EventCountry "CZE"]
[SourceTitle "playchess.com"]
[Source "ChessBase"]
[SourceQuality "1"]

{[%evp 16,138,1,0,16,13,28,-11,13,14,20,20,8,8,21,22,28,-31,-31,-42,-38,-39,-18,-23,-22,-37,-36,-32,-32,-31,-32,-33,-15,-30,-19,-17,-18,-18,0,-18,-18,-33,-33,-33,-26,-33,-25,-43,-25,-43,-43,-43,-23,-43,-32,-32,-37,-49,-46,-47,-41,-42,-40,-49,-49,-49,-12,-20,0,-20,0,-18,-18,-73,0,0,0,-21,0,0,0,-72,-34,-156,-156,-156,-156,-156,-156,-156,-156,-156,-156,-156,-156,-156,-156,-156,-156,-156,-156,-156,-149,-149,0,-149,0,0,0,0,0,0,0,-29977,-29978,-29978,-29979,-29979,-29980,-29983,-29984,-29984,-29985,-29985,-29986]} 1. d4 Nf6 2. Nf3 g6 3. Nc3 d5 4. Bf4 Bg7 5. e3 O-O 6. Nb5 {D00: 1 d4 d5: Unusual lines} Na6 7. h3 c6 8. Nc3 Nc7 9. Bd3 {LiveBook: 9 Games} a5 10. O-O a4 $146 ({Predecessor:} 10... b5 11. Re1 {1-0 (52) Grischuk,A (2774)-Cheparinov,I (2681) Berlin 2015}) 11. a3 b6 12. e4 Ne6 13. Be5 dxe4 14. Nxe4 Ba6 (14... c5 {is interesting.} 15. dxc5 bxc5 16. Neg5 Nxg5 17. Nxg5 Bb7) 15. Bxa6 Rxa6 16. Nxf6+ (16. Re1 $11) 16... exf6 $15 17. Bh2 Qd5 18. c3 b5 19. Ne1 Re8 20. Nd3 {aiming for Nb4.} Bf8 21. Re1 Raa8 22. Nf4 Nxf4 23. Bxf4 Re6 24. Rxe6 fxe6 25. Qe2 Ra7 26. Rc1 Qc4 27. Qxc4 (27. Qg4 {keeps more tension.} Kf7 28. Qf3 Qd5 29. Qe2 Rd7 30. Re1) 27... bxc4 $11 {[%mdl 4096] Endgame KRB-KRB} 28. Be3 Rb7 29. Rc2 $1 Rb5 30. Kf1 h5 31. Ke2 Kf7 32. Kf3 g5 33. g4 Kg6 34. Bc1 hxg4+ 35. hxg4 Bd6 36. Re2 Kf7 $1 37. Re1 Rb8 38. Rh1 Kg6 39. Re1 Re8 40. Bd2 Kf7 41. Rh1 $1 {[%cal Rh1h7] Threatens to win with Rh7+.} Bf8 42. Bc1 Rb8 43. Rh7+ Bg7 $1 44. Rh1 (44. Kg3 $11 {remains equal.}) 44... Rb3 ({Black should try} 44... Rh8 $17 45. Rxh8 Bxh8) 45. Re1 Bf8 46. Rh1 Rb8 (46... f5 $11) 47. Rh7+ $17 Bg7 $1 48. Rh1 Rh8 49. Rxh8 (49. Rf1 $15) 49... Bxh8 $15 {KB-KB} 50. Ke4 Kg6 51. f3 Bg7 52. Ke3 Bf8 53. Ke2 Bd6 54. Be3 f5 55. Kf2 Kf6 56. Ke2 Bg3 57. Bd2 Bb8 58. Be3 Bc7 59. Bd2 Bd6 60. Be3 $1 Bf4 (60... f4 $17 61. Bf2 Bf8) 61. Bxf4 $11 gxf4 62. gxf5 Kxf5 {KP-KP} 63. Kf2 c5 64. Kg2 $2 {[%mdl 8192] [#]} (64. dxc5 $11 Ke5 65. Kf1) 64... cxd4 {Black mates.} 65. cxd4 e5 66. dxe5 Kxe5 67. Kh3 {[#]} Kd4 $1 {[%cal Rd4d3]} 68. Kh4 Kd3 69. Kg5 Kc2 {Precision: White = 48%, Black = 62%.} 0-1

[Event "29th Czech Open-Rapid 2018"]
[Site "Pardubice"]
[Date "2018.07.19"]
[Round "4"]
[White "Gallego Alcaraz, Andres Felipe"]
[Black "Krouzel, Jaroslav"]
[Result "1-0"]
[WhiteElo "2447"]
[BlackElo "2132"]
[Annotator "TA"]
[PlyCount "61"]
[EventDate "2018.07.18"]
[EventType "swiss"]
[EventCountry "CZE"]
[SourceTitle "playchess.com"]
[Source "ChessBase"]
[SourceQuality "1"]

{[%evp 16,61,37,32,30,14,33,31,37,33,25,22,37,35,54,27,34,37,41,47,110,106,125,58,118,112,161,93,201,226,220,223,202,181,309,295,627,605,1209,1210,1201,1183,1173,1148,1063,957,981,641]} 1. d4 f5 2. Nf3 Nf6 {[%cal Bg8f6,Bf6e4,Be4d2][%mdl 32]} 3. g3 d6 4. Bg2 g6 5. O-O Bg7 6. b3 O-O 7. Bb2 Ne4 8. Nfd2 Nxd2 {A81: Dutch Defence: 2 g3} (8... Ng5 9. f4 Nf7 10. Nf3 c5 11. e3 Nc6 12. c4 Bd7 13. Kh1 e5 14. dxe5 dxe5 15. fxe5 Qe8 16. Nc3 {½-½ (35) Lupulescu,C (2634)-Firman,N (2512) Achaea 2017}) 9. Nxd2 {LiveBook: 6 Games} Nd7 10. Nc4 Nb6 $146 {The position is equal.} ({Predecessor:} 10... e6 11. Na5 Rb8 12. b4 Nf6 13. c4 Qe8 14. Rc1 g5 15. e3 h5 16. Qe2 {1-0 (57) Lima,D (2505)-Vallejo Pons,F (2300) Mondariz 1995}) 11. Na5 c6 12. Qd2 Qc7 13. c4 Bd7 14. Rac1 Rad8 15. b4 Bc8 16. d5 {And now Bxg7 would win.} Bxb2 17. Qxb2 {[%cal Rd5c6]} cxd5 ({Black should play} 17... c5 $1 $14) 18. cxd5 $16 Qd7 19. Rc2 (19. e3 $16) 19... Qb5 ({Black should try} 19... f4 $14) 20. Qd4 Nd7 {[#]} 21. Rfc1 $36 {[%mdl 2048] White has strong initiative.} ({Better is} 21. Qd2 $1 $18) 21... Qb6 (21... Nf6 $16) 22. Qd2 $18 Ne5 23. Rc7 Rfe8 24. a3 Qa6 (24... a6 $142 25. R1c2 Nd7) 25. R1c3 b6 $2 {[#]} (25... Kg7 26. Qc2 Bd7 27. Rxb7 (27. Nxb7 Ba4 $18) 27... Rb8) 26. Nc6 {White is clearly winning.} Nxc6 27. dxc6 ({Not} 27. R3xc6 Qxa3 28. Rc2 a5 $14) 27... Be6 28. Bd5 Bxd5 29. Qxd5+ Kf8 30. b5 Qa4 31. Re3 {Precision: White = 58%, Black = 32%.} 1-0

[Event "29th Czech Open-Rapid 2018"]
[Site "Pardubice"]
[Date "2018.07.19"]
[Round "4"]
[White "Pulpan, Jakub"]
[Black "Schlosser, Philipp"]
[Result "1/2-1/2"]
[WhiteElo "2425"]
[BlackElo "2526"]
[Annotator "TA"]
[PlyCount "83"]
[EventDate "2018.07.18"]
[EventType "swiss"]
[EventCountry "CZE"]
[SourceTitle "playchess.com"]
[Source "ChessBase"]
[SourceQuality "1"]

{[%evp 23,83,0,7,3,0,0,7,0,0,0,0,7,25,17,19,18,34,-6,-7,-8,0,0,0,0,0,0,7,0,0,0,0,0,0,0,3,0,0,-64,-53,-53,-53,-53,-53,-53,-53,-82,0,0,0,-62,0,0,0,0,0,0,0,0,0,0,0,0]} 1. e4 e5 2. Nf3 Nc6 3. Bb5 {[%cal Bf1b5,Bb5a4,Ba4b3,Bb3a2][%mdl 32]} a6 4. Ba4 Nf6 5. O-O Be7 6. d3 b5 7. Bb3 d6 8. a3 O-O 9. Nc3 Na5 {C77: Spanische Partie (Anderssen-Variante)} 10. Ba2 c5 (10... Be6 11. b4 Bxa2 12. Rxa2 Nc6 13. Bg5 Ng4 14. Bd2 Nf6 15. Bg5 Ng4 16. Bd2 Nf6 17. Bg5 {½-½ (17) Vachier Lagrave,M (2789)-Carlsen,M (2843) Stavanger 2018}) 11. Nd5 Nxd5 12. Bxd5 Bb7 {LiveBook: 3 Partien} 13. Bxb7 Nxb7 14. c3 Bf6 $146 ({Vorgänger:} 14... f5 15. Re1 Na5 16. exf5 Rxf5 {½-½ (29) Ubed Garcia Cuenca,P (1888)-Sotnikov,T Madrid 2006}) 15. Qb3 c4 16. dxc4 Na5 17. Qc2 Nxc4 18. Rd1 Qc7 19. Nd2 Qc6 20. Nxc4 bxc4 21. Be3 Rab8 22. Rd5 Rb3 23. Rad1 Be7 24. Qe2 Rfb8 25. Bc1 R3b5 26. g3 g6 27. h4 Rxd5 28. Rxd5 Rb5 29. Rxb5 axb5 30. Kg2 (30. Bh6 $11) 30... d5 $15 31. exd5 Qxd5+ 32. f3 f5 33. Be3 Kf7 34. Bf2 Ke6 (34... g5 $17) 35. Qe3 $11 e4 36. f4 (36. Kh2 $11) 36... Bd6 (36... Qc6 $15) 37. Kh2 $1 {Die Stellung ist ausgeglichen.} Qd3 {Und weiter mit ...Dc2 wäre nett.} 38. Qb6 Qe2 39. Kh3 Qf3 {[%cal Rf3h1] [#]} 40. Kh2 Qe2 41. Kh3 Qf3 {[%cal Rf3h1]} 42. Kh2 {Precision: Weiß = 68%, Schwarz = 60%.} 1/2-1/2

[Event "29th Czech Open-Rapid 2018"]
[Site "Pardubice"]
[Date "2018.07.19"]
[Round "4"]
[White "Bogdanov, Egor"]
[Black "Mosesov, Danylo"]
[Result "1/2-1/2"]
[WhiteElo "2410"]
[BlackElo "2150"]
[Annotator "TA"]
[PlyCount "216"]
[EventDate "2018.07.18"]
[EventType "swiss"]
[EventCountry "CZE"]
[SourceTitle "playchess.com"]
[Source "ChessBase"]
[SourceQuality "1"]

{[%evp 19,216,8,27,-13,0,-9,-9,-22,8,7,-7,-16,-11,-22,-20,-20,-38,-22,0,0,0,0,0,0,0,-17,10,5,11,6,3,5,17,9,20,15,16,9,14,4,22,13,29,0,0,0,0,0,13,12,14,12,33,20,45,33,64,61,61,68,75,72,74,61,129,105,146,72,99,56,74,10,49,8,95,54,86,54,86,86,86,54,54,54,54,4,8,8,106,0,0,0,0,0,0,0,0,0,0,0,0,0,0,-80,-80,-573,-574,-522,-522,-568,-562,-522,-515,-479,-450,-4133,-2446,-12789,-12789,-12804,-12796,-12785,-5089,-1410,0,0,0,0,0,0,0,0,0,-104,-104,-104,-104,-104,-104,-104,-104,-104,-104,-104,-104,-104,-104,-104,-104,-130,0,0,0,0,0,0,0,0,0,0,0,0,0,0,0,0,0,0,0,0,0,0,0,0,0,0,0,0,0,0,0,0,0,0,0,0,0,0,0,0,0,0,0,0,0,0,0,0,0]} 1. e4 c5 2. Nf3 e6 3. c3 d5 4. exd5 Qxd5 5. d4 Nc6 6. Bd3 Nf6 7. O-O cxd4 8. cxd4 Be7 9. Nc3 Qd6 10. Nb5 Qd8 {LiveBook: 29 Games. B22: Sicilian: 2 c3} 11. Ne5 (11. Bf4 Nd5 12. Bg3 O-O 13. a3 a6 14. Nc3 Nxc3 15. bxc3 Bd6 16. Re1 Bxg3 {½-½ (16) Maximov,D (2497)-Zubov,A (2564) Poltava 2008}) 11... O-O 12. Nxc6 bxc6 13. Nc3 c5 $146 ({Predecessor:} 13... Rb8 14. Qe2 Qxd4 15. Be3 Qe5 16. Bxa7 Qxe2 17. Nxe2 Rxb2 18. Rfb1 {½-½ (27) Markovic,V (2227)-Vujicic,M (2286) Belgrade 2013}) 14. dxc5 Bxc5 15. Bg5 h6 16. Bh4 Be7 17. Qf3 Rb8 18. Rfd1 Qa5 19. Ne4 Nd5 20. Bxe7 Nxe7 21. b3 Bb7 22. Qg3 Kh8 23. Nd6 Kg8 $1 24. Nxb7 Rxb7 25. Qd6 Nf5 26. Qf4 Rb4 27. Qd2 Qb6 28. Bxf5 exf5 29. Rac1 Rg4 30. Qd6 Qa5 31. Re1 Re4 32. Rxe4 fxe4 $11 {[%mdl 4096] Endgame KQR-KQR} 33. a4 Re8 (33... Rd8 {is interesting.} 34. Qe7 Qd2 35. Rf1 Qd4 36. h3 Rd7) 34. Qd4 a6 35. h3 Qf5 36. Re1 a5 {[#]} 37. f3 $1 {[%cal Re1e4][%mdl 512]} Rb8 (37... exf3 38. Rxe8+) 38. Qxe4 Qxe4 39. Rxe4 Rxb3 $14 {KR-KR} 40. Re5 Ra3 41. Rxa5 Ra2 (41... g5 $14) 42. h4 g6 43. Kh2 (43. g3 $142) 43... Kg7 44. Ra7 Kf6 45. a5 (45. Kh3 $16) 45... Ke6 46. a6 Kf6 (46... h5 $1 $11) 47. Kg3 Ke6 48. Ra8 Kf6 49. Kh3 h5 50. Kg3 Kf5 51. Ra7 $1 {[%cal Ra7f7]} Kf6 52. Kh3 Ra3 $1 53. Kh2 {Threatening Ra8.} Ra4 (53... Ra2 $11 {keeps the balance.}) 54. Kg3 ({White must play} 54. g3 $1 $16) 54... Ra2 $1 $11 55. f4 Ra3+ 56. Kf2 Ke6 57. Ke2 f6 58. Ra8 Kf5 59. Kd2 Kxf4 60. Kc2 Kg4 61. Kb2 (61. Rg8 $1 $11 {remains equal.}) 61... Ra5 $17 62. Kc3 $2 {[%mdl 8192]} (62. Rg8 $17 {nothing else works.}) 62... Kxh4 $19 63. Kb4 Ra2 64. Kb5 Rxg2 65. Rd8 {[#]} Rb2+ $1 66. Kc6 Ra2 67. Kb6 (67. Rd4+ $142 Kg3 68. Kb5) 67... g5 68. Rf8 g4 69. Rxf6 Kh3 70. Rf5 {[#]} h4 (70... Rxa6+ $142 $1 {[%mdl 512]} 71. Kxa6 h4) 71. Ra5 Rxa5 $2 (71... Rf2 $19 72. a7 Rf8) 72. Kxa5 {KPP-KP} g3 (72... Kh2 $5) 73. a7 g2 74. a8=Q g1=Q $11 {( -> ...Qa1+). KQ-KQ} 75. Qf3+ Qg3 76. Qh1+ (76. Qf5+ $11 Kg2 77. Qe4+ Kh2 78. Qc2+ Kh3 79. Qf5+ Kg2 80. Qc2+ Qf2 81. Qg6+ Kh2 82. Qd6+ Kg1 83. Qg6+ Qg2 84. Qb1+ Kh2 85. Qb8+ Qg3 86. Qb2+ Kh3 87. Qd2) 76... Kg4 $17 {...Qe5+ is the strong threat.} 77. Qe4+ Qf4 78. Qg2+ Kf5 79. Ka6 Qd6+ 80. Ka7 Qa3+ 81. Kb7 Qe7+ 82. Ka6 Qe6+ 83. Ka7 Qe3+ 84. Ka6 h3 (84... Qd3+ $17 85. Ka5 h3 86. Qf2+ Kg4 87. Qg1+ Kf4 88. Qf2+ Ke5 89. Qe1+ Kd5 90. Qh1+ Ke5 91. Qe1+ Kf5 92. Qf2+ Kg4 93. Qg1+ Kf4 94. Qf2+ Ke5 95. Qe1+) 85. Qd5+ $11 {The position is equal.} Kg4 86. Qd7+ Kg3 87. Qd6+ Kg2 88. Qd5+ Qf3 89. Qd2+ Kf1 90. Qc1+ Kf2 91. Qc5+ Qe3 92. Qf5+ Ke1 93. Qb1+ Ke2 94. Qc2+ Kf1 95. Qf5+ Kg2 96. Qg6+ Qg3 97. Qc2+ Qf2 98. Qg6+ Kh1 99. Qe4+ Qg2 100. Qe1+ Kh2 101. Qe5+ Kg1 {And now ...Qa2+ would win.} 102. Qe3+ Kf1 {Strongly threatening ...Qe2+.} 103. Qc1+ Ke2 {aiming for ...Qa8+.} 104. Qc2+ Ke3 105. Qc3+ Ke4 {Hoping for ...Qa2+.} 106. Qc4+ Ke5 107. Qc7+ Kf5 {White must now prevent ...Qe2+.} 108. Qf7+ Kg4 {Precision: White = 55%, Black = 53%.} 1/2-1/2

[Event "29th Czech Open-Rapid 2018"]
[Site "Pardubice"]
[Date "2018.07.19"]
[Round "4"]
[White "Rasik, Vitezslav"]
[Black "Plat, Vojtech"]
[Result "1-0"]
[WhiteElo "2410"]
[BlackElo "2580"]
[Annotator "TA"]
[PlyCount "109"]
[EventDate "2018.07.18"]
[EventType "swiss"]
[EventCountry "CZE"]
[SourceTitle "playchess.com"]
[Source "ChessBase"]
[SourceQuality "1"]

{[%evp 15,109,10,23,19,13,0,22,0,0,-1,65,0,6,6,9,12,8,19,200,71,236,226,226,216,220,134,176,0,20,20,70,41,45,51,125,112,148,137,135,116,166,125,168,146,174,155,176,125,150,126,132,131,153,154,185,173,182,145,210,213,218,203,313,309,410,402,899,878,863,841,885,821,872,706,700,658,876,552,568,556,568,560,561,429,553,487,789,784,756,596,593,581,579,579,1160,718]} 1. e4 e5 2. Nf3 d6 3. d4 exd4 4. Qxd4 a6 5. Bg5 Nc6 6. Qd2 {C41: Philidor-Verteidigung} (6. Qe3 Be7 7. Nc3 Bxg5 8. Nxg5 h6 9. Nh3 Nf6 10. O-O-O O-O 11. f3 b5 12. Nf4 Ne5 13. h4 {0-1 (59) Vishnu,P (2538)-Hera,I (2611) Biel 2017}) 6... Nf6 7. Nc3 Be7 8. O-O-O Be6 {LiveBook: 4 Partien} 9. h3 b5 10. g4 O-O 11. Bxf6 $146 ({Vorgänger:} 11. Qe3 Nd7 12. Nd5 Bxg5 13. Nxg5 Re8 14. Nxe6 Rxe6 15. Qc3 Ndb8 16. Bg2 Ra7 17. f4 Ne7 {½-½ (56) Eric,J (2223)-Azimova,K (2037) Belgrade 2013}) 11... Bxf6 (11... gxf6 $6 12. Kb1 $16) 12. Nd5 Re8 (12... Ne5 $11 13. Nd4 Ng6 14. Nxf6+ Qxf6) 13. Kb1 (13. g5 $14) 13... Ne5 14. Nd4 Bxd5 15. exd5 Ng6 16. Nc6 Qd7 $2 (16... Bg5 $11 {und Schwarz ist OK.} 17. Qa5 Qd7) 17. f4 (17. Bd3 $18 {ist der präzise Gewinnweg.} Nh4 18. c3) 17... h6 $2 (17... Bh4 $16) 18. g5 hxg5 19. fxg5 Be5 20. h4 Bf4 21. Qf2 $2 (21. Qb4 $18 {Droht Lh3 und aus.} Qg4 22. Bh3) 21... Qg4 $11 {[%cal Rg4d1]} 22. Bh3 Qe2 23. Qxe2 (23. Qf1 $5 {[%cal Rh4h5]}) 23... Rxe2 24. h5 $36 {[%mdl 2048] Weiss hat gut koordiniertes Spiel.} Nf8 {[#]} (24... Ne5 $14) 25. g6 $1 $16 {[%mdl 512]} fxg6 26. hxg6 Rae8 27. Bf5 Bh6 28. Bd3 R2e3 29. a3 Nd7 30. Bf5 Nf8 31. Rhf1 ({Günstiger ist} 31. Rdf1 $18) 31... Bg5 32. Bd3 Bf6 {[#]} 33. Nb4 $1 a5 34. Nc6 b4 {[#]} 35. a4 $1 ({Schlechter ist} 35. Nxa5 bxa3 36. Nc4 (36. bxa3 Rb8+ 37. Nb3 Nd7 $11) 36... Rg3 $11) (35. axb4 $6 axb4 36. Nxb4 Rg3 $16) 35... Nd7 36. Nxa5 Nc5 (36... Ra8 $16 {kämpft weiter.}) 37. Bb5 Ra8 38. Rde1 Rg3 (38... Rh3 {ist eine bessere Verteidigung.} 39. Re2 Rh6) 39. Bc6 $18 Rf8 40. Be8 Bg5 (40... b3 $142 41. cxb3 Nd3 42. Bf7+ Rxf7) 41. Bf7+ {Weiß steht klar auf Gewinn.} Kh8 42. Rh1+ Bh6 43. b3 Rg4 44. Nc6 Ne4 45. Kb2 Ng5 46. Be6 Rg2 47. Nxb4 Nf3 48. Ref1 Rxg6 49. a5 {[%cal Ba4a5,Ba5a6,Ba6a7][%mdl 32]} Rgf6 50. a6 Ra8 (50... Ne5 $142) 51. Rh3 c5 52. Nc6 ({Schwächer ist} 52. Rhxf3 Rxf3 53. Rxf3 cxb4 $16) 52... Ng5 53. Rxf6 {Droht stark Se7.} Nxh3 54. Rf7 ({Weniger gut wäre} 54. Bxh3 gxf6 55. a7 c4 $14) 54... Ng1 55. a7 {Precision: Weiß = 65%, Schwarz = 28%.} 1-0